000 01193nam a2200313 i 4500
001 000027202
003 DO-SdBNP
005 20260607002450.0
007 ta
008 110330s19uu dr 000 0 spa d
040 _aDO-SdBNP
_bspa
_cBNPHU
_erda
041 _aspa
049 _aBNPD
082 4 _a200.97293
_bP214c
_222
245 0 3 _aEl campo religioso dominicano en la década de los 90's :
_bdiversidad y expansión /
_cedición a cargo de, Alejandra Liriano
264 4 _aSanto Domingo, República Dominicana :
_bDepartamento de Estudios de Sociedad y Religión, Inc. DESyR,
_c19--?.
300 _a172 páginas ;
_c23 cm
336 _atexto
_btxt
_2rdacontent
337 _asin mediación
_bn
_2rdamedia
338 _avolumen
_bnc
_2rdacarrier
490 0 _aPapeles ;
500 _aIncluye referencias bibliográficas y notas al pie de las páginas
590 _aInventariado, 2024/BT
650 _aSectas cristianas
_xHistoria
_ySiglo XX
_zRepública Dominicana
_989914
651 _2armarc
_aRepública Dominicana
_xReligión
_97740
700 1 _aLiriano, Alejandra,
_eedición
_954267
_4ed.
710 1 _aDepartamento de Estudios de Sociedad y Religión
_953686
942 _2ddc
_cLBS1
999 _c26694
_d26694